| 000 | 00000nam##2200000za#4500 |
| 001 | 9.659983 |
| 003 | CaOODSP |
| 005 | 20200330101847 |
| 007 | ta |
| 008 | 150407|1998||||xxc||||| f|0| 0 eng|d |
| 020 | |a0-662-63440-3 |
| 040 | |aCaOODSP|beng |
| 041 | |aeng |
| 041 | |afre |
| 043 | |an-cn--- |
| 086 | 1 |aSW21-24/1998 |
| 110 | 1 |aCanada. |bStatus of Women Canada. |
| 245 | 12|aA complex web : |baccess to justice for abused immigrant women in New Brunswick / |cby Baukje Miedema and Sandra Wachholz. |
| 260 | |aOttawa - Ontario : |bStatus of Women Canada |c1998. |
| 300 | |aEnglish text, 40p. : |c28 cm. |
| 500 | |a"Based on data generated from focus group interviews with 48 immigrant women in New Brunswick, barriers to the criminal justice system and justice-related services for abused immigrant women residing in a predominantly rural province are discussed in this report. The participants were from very diverse cultural backgrounds and approximately one third identified themselves as abused."--Abstract. |
| 504 | |aBibliography. |
| 520 | 3 |aBased on data generated from focus group interviews with 48 immigrant women in New Brunswick, barriers to the criminal justice system and justice-related services for abused immigrant women residing in a predominantly rural province are discussed in this report. The participants were from very diverse cultural backgrounds and approximately one third identified themselves as abused.--Abstract |
| 546 | |aBilingual |
| 563 | |aSoftcover |
| 590 | |a98-27|b1998-07-03 |
| 690 | 07|aViolence against women|2gcpds |
| 690 | 07|aCriminal justice|2gcpds |
| 690 | 07|aImmigrants|2gcpds |
| 720 | 1 |aMiedema, Baukje |
| 720 | 1 |aWachholz, Sandra |
| 776 | 0#|tUne toile complexe : |w(CaOODSP)9.632879 |
| 776 | 0#|tA complex web : |w(CaOODSP)9.688455 |
| 792 | |tUne toile complexe : |efre|w(CaOODSP)9.659984 |